|
|
|
|
| LEADER |
00000nab#a22000007a#4500 |
| 001 |
arbauad029131 |
| 003 |
AR-BaUAD |
| 005 |
20250711112348.0 |
| 008 |
971111|||||||||###||||||b###|0###a|spa|| |
| 040 |
|
|
|a AR-BaUAD
|c AR-BaUAD
|b spa
|
| 100 |
|
|
|a Sallaberry, Carlos
|
| 245 |
|
|
|a La mejor ciudad para los mejores Juegos /
|c Carlos Sallaberry;
|
| 300 |
0 |
|
|b axonom., cortes, fot., plantas, vistas
|
| 653 |
|
|
|a ARGENTINA
|
| 653 |
|
|
|a PROYECTOS
|
| 653 |
|
|
|a BUENOS AIRES 2004
|
| 653 |
|
|
|a BUENOS AIRES, CIUDAD
|
| 653 |
|
|
|a CRITICA DE LA ARQUITECTURA
|
| 773 |
0 |
|
|t ARQUIS
|g no. 13 [jul.-ago. 1997], p. 10-15
|
| 942 |
|
|
|c ARTI
|
| 952 |
|
|
|0 0
|1 0
|4 0
|7 0
|9 74050
|a AR-BAuAD
|b AR-BAuAD
|d 2025-07-11
|l 0
|p AAQA029131
|r 2025-07-11 11:23:48
|w 2025-07-11
|y ARTI
|
| 990 |
|
|
|a AQ199
|b TD
|
| 998 |
|
|
|a AAQ
|b BIBUN76
|
| 999 |
|
|
|c 53723
|d 53723
|